Statistics for Name Every Lorde Song

Click here to take the quiz!

General Stats

  • This quiz has been taken 121 times
  • The average score is 36 of 46

Answer Stats

Answer% Correct
Royals
98%
Liability
97%
Liability (Reprise)
97%
Tennis Court
97%
Green Light
94%
Sober
94%
Ribs
92%
Solar Power
92%
Mood Ring
91%
Sober II (Melodrama)
91%
The Louvre
91%
Homemade Dynamite
89%
Perfect Places
89%
Hard Feelings/Loveless
88%
Stoned at the Nail Salon
88%
Team
88%
White Teeth Teens
86%
400 Lux
85%
Writer in the Dark
85%
Buzzcut Season
83%
Oceanic Feeling
83%
Secrets From a Girl (Who's Seen It All)
83%
Supercut
83%
The Path
83%
California
82%
Glory and Gore
80%
Yellow Flicker Beat
79%
A World Alone
77%
The Love Club
77%
The Man With the Axe
76%
Dominoes
74%
Fallen Fruit
74%
Big Star
73%
Helen of Troy
73%
Still Sane
71%
Bravado
70%
Everybody Wants to Rule the World
65%
Hold No Grudge
62%
Leader of a New Regime
59%
Million Dollar Bills
59%
No Better
58%
Magnets
56%
Biting Down
53%
Swingin Party
50%
Ladder Song
45%
Meltdown
33%

Score Distribution

Percentile by Number Answered

Percent of People with Each Score

Your Score History

You have not taken this quiz